000 03946ncm a2200349 a 4500
100 _aПипков, Любомир Панайотов
_d1904-1974
_eпърви автор
_9428881
999 _c350259
_d350259
003 BLK
005 20230802005159.0
008 200401b bu ||||| |||| 00| 0 bu d
040 _aBLK
041 _aBUL
_cBUL
080 _aВокална музика
_b784
_z784
139 _aПипков, Любомир Панайотов
_bП 51
245 _aСолови песни : [за глас и пиано] [Нотирана музика]
_cЛюбомир Пипков ; състав. Лиляна Жабленска.
_bЧ. 1 -
_nЧ. 1
250 _a2. изд.
260 _9209430
_aСофия
_bМузика
_c1978
300 _c33 см
380 _a7
500 _aСъдържа: 4 песни оп. 4: Тежат ми венчалните думи : f1-as2 / текст Николай Лилиев. Синеоката : d-a2 / текст Елисавета Багряна. Зимен сън : a-es2 / текст Димитър Пантелеев. Любовта на хамалина : g-f2. 3 / текст Атанас Далчев. 3 балади за бас оп. 6: Воденичар : as-e2 / текст Иван Мирчев. Тракия : b-es2 / текст Никола Фурнаджиев. Конници : b-es2 / текст Никола Фурнаджиев. 2 песни за висок глас оп. 19: Унес : es1-a2 / текст Елисавета Багряна. Любимата : e1-a2 / текст Младен Исаев. 6 песни за висок глас (тенор) оп. 27: Прощално : d1-a2 / текст Никола Вапцаров. Предсмъртно : d1-as2 / текст Никола Вапцаров. Няма да забравим, че стоим на пост : c1-as2 / текст Цветан Спасов. Към Партията : fis1-g2 / текст Христо Радевски. Корея се бори за мир : f1-a2 и 3-гл. хор. Песен за дружбата : d1-g2 / текст Сергей Михалков. 7 песни оп. 46-оп.51: Люлека ми замириса : e1-fis2 / текст Иван Вазов. Трепетлика : d1-as2 / текст Иван Радоев. Морето и любовта : d1-a2 / текст Иван Радоев. Среща : d1-as2 / текст Владимир Башев. Пред вагона : fis1-a2 / текст Владимир Башев. Лека нощ : d1-d2 / текст Лиляна Стефанова. В далечната пуста : a-d1 / текст Иван Радоев. 5 песни по стихове на чуждестранни поети : за среден и висок глас оп. 64: Романс за луната : c1-gis2 / текст Федерико Гарсия Лорка. На своята душа : h-es2 / текст Пиер Ронсар. Малка балада за три реки : es1-g2 / текст Федерико Гарсия Лорка. Песен за поета, който не иска да се отчайва : des1-g2 / текст Рафаел Алберти. Песен 12а : d1-gis2 / текст Рафаел Алберти. Песен за среден глас оп. 72: Горест : b-es2 / текст Владимир Башев
500 _a1. изд. 1970 със загл. Избрани песни
650 0 _9306210
_aМузика, вокална
653 7 _9196911
_aсолови песни
700 _91478
_aЖабленска, Лиляна Александрова
_eсъстав.
760 _aПипков, Любомир Панайотов
_dСофия : Музика, 1978
_h136 с.
_oЧ. 1
852 _aЦб М ІІ 7472
_bЦб
942 _cNOT
_n0
_s1
944 _aCR
_c2020-04-01
_lCRON CRON
_k
944 _aED
_c2020-05-20
_kГГГ
999 _d350259
999 _d350259
999 _d350256